[Event "Hyderabad U1500 op 3rd"]
[Site "Hyderabad"]
[Date "2018.12.09"]
[Round "4.5"]
[White "Sailesh, R."]
[Black "Rathish, R."]
[Result "1-0"]
[WhiteElo "1310"]
[BlackElo "1405"]
[PlyCount "53"]
[EventDate "2018.12.08"]
[EventType "swiss"]
[EventRounds "9"]
[EventCountry "IND"]
[SourceTitle "EXT 2024"]
[Source "ChessBase"]
[SourceDate "2023.10.10"]
[SourceVersion "1"]
[SourceVersionDate "2023.10.10"]
[SourceQuality "1"]

1. e4 e6 2. d4 d5 3. Nd2 Nf6 4. e5 Nfd7 5. Ngf3 c5 6. c3 Nc6 7. Bd3 cxd4 8. cxd4 Qb6 9. 0-0 Nxd4 10. Nxd4 Qxd4 11. Nf3 Qg4 12. h3 Qh5 13. Qa4 Be7 14. Kh2 g5 15. g4 Qh6 16. h4 0-0 17. Kg2 Qg7 18. Bxg5 Bxg5 19. hxg5 Nc5 20. Qc2 Nxd3 21. Qxd3 Bd7 22. Rh1 d4 23. Nxd4 f5 24. gxf6 Qg6 25. Qxg6+ hxg6 26. Rh6 Rad8 27. Rxg6+ 1-0